Normal view
MARC view
Entry Topical Term
001 - CONTROL NUMBER
- control field: 12889
003 - CONTROL NUMBER IDENTIFIER
- control field: BD-RjUL
005 - DATE AND TIME OF LATEST TRANSACTION
- control field: 20240508102849.0
008 - FIXED-LENGTH DATA ELEMENTS
- fixed length control field: 240508|| aca||aabn | a|a d
040 ## - CATALOGING SOURCE
- Original cataloging agency: BD-RjUL
- Transcribing agency: BD-RjUL
150 ## - HEADING--TOPICAL TERM
- Topical term or geographic name entry element: Vitro Culture
- Form subdivision: Plant
670 ## - SOURCE DATA FOUND
- Source citation: Work cat.: (BD-RjUL)83678: Rahman, Md. Hasanur 6348, In Vitro Culture and Plant Regeneration in Rajanigandha (Polianthes Tuberosa L.) /, 2000